000 00515cas5a220016900 4500
001 zam00003965
008 951212n xx eng u
022 _a0034-6705
035 _a(Sirsi) r21268
050 _aJA1.R4P6
245 0 0 _aReview of politics.
260 _aNotre Dame
_b University of Notre Dame
_c 1965.
310 _aQuarterly.
362 _aVol.18, 1956 - Vol.27, 1965.
520 _aPrimarily intrested in the philosophical and historical approach to political realites
650 _aPolitics.
999 _c10278
_d10278